| 000 | 00355 a2200157 4500 | ||
|---|---|---|---|
| 001 | 194549 | ||
| 020 | _a9788595260030 | ||
| 040 | _cMagnum | ||
| 100 | _aTAUBMAN, Andrea Viviana | ||
| 240 | 1 | 0 |
_aNão me toca, seu boboca! _lpor |
| 245 | 1 | 0 | _aNão me toca, seu boboca! |
| 300 | _a40 p. | ||
| 362 | 0 | _a2017 | |
| 697 | _aLITERATURA INFANTO | ||
| 942 | _cBK | ||
| 999 |
_c194549 _d194549 |
||